logo

Bir Sreshtho Munshi Abdur Rouf Library
Jhenaidah Cadet College

গণিতের রহস্যপুরী / (Record no. 2432)

MARC details
000 -LEADER
fixed length control field 00668nam a2200229 a 4500
001 - CONTROL NUMBER
JCCL Control Number 2432
003 - CONTROL NUMBER IDENTIFIER
JCCL marc code BD-JhCC
005 - DATE AND TIME OF LATEST TRANSACTION
control field 20171102172008.0
008 - FIXED-LENGTH DATA ELEMENTS--GENERAL INFORMATION
fixed length control field 171102s2007 bg ||||| |||| 00| 0 ben d
020 ## - INTERNATIONAL STANDARD BOOK NUMBER
International Standard Book Number 98413171510
035 ## - SYSTEM CONTROL NUMBER
system control number (BD-JhCC)2432
040 ## - CATALOGING SOURCE
Original cataloging agency BD-JhCC
Modifying agency BD-JhCC
041 ## - LANGUAGE CODE
Language code of Book ben
082 ## - DEWEY DECIMAL CLASSIFICATION NUMBER
DDC Edition number 23
Classification number 510
Author mark and Year KAR 2007
100 ## - MAIN ENTRY--PERSONAL NAME
Personal name করিম, এ .কে. বজলুল
245 ## - TITLE STATEMENT
Title গণিতের রহস্যপুরী /
Statement of responsibility, etc এ .কে. বজলুল করিম
260 ## - PUBLICATION, DISTRIBUTION, ETC. (IMPRINT)
Place of publication, distribution, etc ঢাকা :
Name of publisher, distributor, etc মুক্তধারা,
Date of publication, distribution, etc ২০০৭
300 ## - PHYSICAL DESCRIPTION
Pagination 115 p. :
Dimensions 22cm.
650 ## - SUBJECT ADDED ENTRY--TOPICAL TERM
Topical term or geographic name as entry element Mathematics
942 ## - ADDED ENTRY ELEMENTS (KOHA)
Source of classification or shelving scheme Dewey Decimal Classification
Koha item type Books
Holdings
Source of classification or shelving scheme Damaged status Not for loan Home library Current library Shelving location Date of accession Cost, normal purchase price Total Checkouts Full call number Barcode Date last seen Copy number Koha item type Method of acquisition Currency
Dewey Decimal Classification     JCC Rouf Library JCC Rouf Library General Stacks 11/02/2017 100.00   510 KAR 2007 3696 11/02/2017 C-1 Books    
Dewey Decimal Classification     JCC Rouf Library JCC Rouf Library General Stacks   130.00   510 KAR 2007 19333 05/11/2024 C-2 Books Purchase BDT

JCC Library | Contacts | JCC Home

Last Update on 23 September 2017
Copyright @ 2017-2020 JCC Rouf Library
Rouf Library, Jhenidah Cadet College (JCC), Bangladesh